| 000 | 00352nam a2200133Ia 4500 | ||
|---|---|---|---|
| 005 | 20260328101522.0 | ||
| 008 | 260328s9999||||xx |||||||||||||| ||und|| | ||
| 100 | _aVaughn, Melissa | ||
| 245 | 2 |
_aA View on Harvard GSD - Vol. 3 / _cMelissa Vaughn |
|
| 260 | _bHarvard University Press | ||
| 300 | _a728 p. | ||
| 650 | _aARQUITECTURA CIVIL | ||
| 942 | _cBK | ||
| 999 |
_c9656 _d9656 |
||